| 000 | 00866nas a2200277 4500 | ||
|---|---|---|---|
| 001 | BR8107245 | ||
| 003 | BR-BrBNA | ||
| 005 | 20231205084901.0 | ||
| 007 | ta | ||
| 008 | 230509b bl.|||p| |||| 00| 00por d | ||
| 040 |
_aBR-BrBNA _bpor _cBiblioteca Nacional de Agricultura |
||
| 041 | _a(Pt) | ||
| 072 | _aL32; L36 | ||
| 100 | 1 | _aProcknor, M. | |
| 100 | 1 | _aLeme, P.R. | |
| 100 | 1 | _aPacola, L.J. | |
| 245 | 1 | _aTorta de filtro de usina acucareira na alimentacao de ruminantes: producao, composicao bromatologica e digestibilidade | |
| 650 | _aTORTA | ||
| 650 | _aCOMPOSICAO DE ALIMENTO | ||
| 650 | _aBROMATOLOGIA | ||
| 650 | _aCANA DE ACUCAR | ||
| 650 | _aRUMINANTE | ||
| 773 | 0 |
_tBoletim de Industria Animal (Brazil) _xISSN 0067-9617 _g(Jul-Dec 1981), v. 38(2) p. 107-116 _wBR8107245 |
|
| 909 |
_a202311 _bLúcia _c55 _dLúcia Elande |
||
| 942 |
_2AGRIS _n0 _cANA |
||
| 999 |
_c107896 _d107896 |
||